00572cam a2200133 a 450000100100000000500170001000800410002704000250006808200150009324500840010826000370019230000210022950001880025000001455320200929163852.0990928s1999 dr r 000 0 spa d aDO-SdBNPbspacBNPHU axxxxbxxxx00aUna revolución solo puede ser hija de la cultura y las ideas /cFidel Castro. aSanto Domingo :b[s. n.],c1999. a107 p. ;c24 cm. aDiscurso pronunciado por el presidente del Consejo de Estado de la República de Cuba Fidel Castro Ruz, en el Aula Magna de la Universidad Central de Venezuela, 3 de febrero de 1999.